Datum a čas kvízu
23
Celkem bodů
Celkový počet nahraných bodů na tomto kvízu bez doplňovacích otázek.
5.
Pořadí na kvízu
Konečné umístění týmu na tomto kvízu.
Zaznamenané odpovědi
| # | Otázka | Odpověď | Body | Výsledky |
|---|---|---|---|---|
| 1. | Kolik Českých lvů získal při s... | 0 | ||
| 2. | Do prodejny mobilů přišla žena... | 0 | ||
| 3. | Umělkyně Kateřina Šedá chystá... | 0 | ||
| 4. | Na letošním ženevském autosalo... | 0 | ||
| 5. | Základní část naší hokejové ex... | 0 | ||
| 6. | V tomto tématu si posvítíme na... | 0.5 | ||
| 7. | Které jsou nejrozšířenější jaz... | 1 | ||
| 8. | Největší jezera na světě co do... | 0 | ||
| 9. | Státy Jižní Ameriky podle počt... | 1 | ||
| 10. | Evropské země podle rozlohy: 1... | 0.5 |